000 00385nam a2200133Ia 4500
008 231129s2014||||xx |||||||||||||| ||spa||
020 _a978-958-58158-1-0
082 _a986.132 A679
100 _aArellano Caceres Blanca
245 0 _aPereira nació mujer
260 _c2014
264 _aPereira : Panamericana formas e impresos
942 _2ddc
_cBKS
999 _c22664
_d22664